• 首页
  • 本馆介绍
  • 公告通知
  • 最新文献
  • 馆藏检索
  • 电子资源
  • 读者导购
  • 参考咨询
  • 我的图书馆
  • 登录
  • 详细信息显示
  • 放入我的书架
  • 预约/预借图书
  • 作者相关作品
  • 分类相关作品
  • 丛书相关作品
  • 出版社相关作品

书目信息

  • 表格格式
  • 工作单格式
  • 卡片格式
题名:
我的第一笔百万英镑
    
 
作者: 科恩 著 ;赵静宜 译
分册:  
出版信息: 北京   中国经济出版社  2010
页数: 13,219页
开本: 24cm
丛书名:
单 册:
中图分类: K835.615.38=6 , F279.561.3
科图分类:
主题词: 企业家--生平事迹--英国--现代 , 企业管理--经验--英国 , 企业家 , 企业管理
电子资源:
ISBN: 978-7-5017-9407-2
000 01374nam0 2200337 45
001 1032990265
005 20100409103903.53
010    @a978-7-5017-9407-2@dCNY38.00
100    @a20100331d2010 em y0chiy50 ea
101 1  @achi@ceng
102    @aCN@b110000
105    @ay z 000yd
106    @ar
200 1  @a我的第一笔百万英镑@AWo De Di Yi Bi Bai Wan Ying Bang@e16位英国大亨的财富故事@E16 Wei Ying Guo Da Heng De Cai Fu Gu Shi@f(英)汤米·科恩(Tammy Cohen)著@F( Ying ) Tang Mi· Ke En (Tammy Cohen) Zhu@g赵静宜译
210    @a北京@c中国经济出版社@d2010
215    @a13,219页@d24cm
305    @a由John Blake Publishing Ltd.授权出版
312    @a封面英文题名:How I made my first million
330    @a本书讲述了16位白手起家的亿万富翁的致富之道,倾心相告他们如何变得腰缠万贯。通过书中这些真实感人、引人入胜的故事,你将对这些百万富翁的成功之路有所了解,对他们的获胜之道有所感悟。
510 1  @aHow I made my first million@zeng
517 1  @a16位英国大亨的财富故事@A16 Wei Ying Guo Da Heng De Cai Fu Gu Shi
606 0  @a企业家@x生平事迹@y英国@z现代
606 0  @a企业管理@x经验@y英国
606 0  @a企业家
606 0  @a企业管理
690    @aK835.615.38=6@v4
690    @aF279.561.3@v4
701  1 @a科恩@AKe En@c(Cohen, Tammy)@4著
702  0 @a赵静宜@AZhao Jing Yi@4译
801  0 @aCN@bTANGWEI@c20100409
905    @b0587161-65@dK835.615.38=6@e677@f5
    
    我的第一笔百万英镑:16位英国大亨的财富故事/(英)汤米·科恩(Tammy Cohen)著/赵静宜译.-北京:中国经济出版社,2010
    13,219页;24cm
    
    
    ISBN 978-7-5017-9407-2:CNY38.00
    本书讲述了16位白手起家的亿万富翁的致富之道,倾心相告他们如何变得腰缠万贯。通过书中这些真实感人、引人入胜的故事,你将对这些百万富翁的成功之路有所了解,对他们的获胜之道有所感悟。
●
相关链接 在E读中查询图书 在五车中查询图书 在当当中查询图书 在豆瓣中查询图书


正题名:我的第一笔百万英镑     索取号:K835.615.38=6/677         预约/预借

序号 登录号 条形码 馆藏地/架位号 状态 备注
1 0587161   205871617   第二样本阅览室/ [索取号:K835.615.38=6/677] 在馆    
2 0587162   205871626   第二借阅区/ [索取号:K835.615.38=6/677] 在馆    
3 0587163   205871635   第二借阅区/ [索取号:K835.615.38=6/677] 在馆    
4 0587164   205871644   第二借阅区/ [索取号:K835.615.38=6/677] 在馆    
5 0587165   205871653   第二借阅区/ [索取号:K835.615.38=6/677] 在馆    
唐山师范学院图书馆 欢迎您!
大连网信软件有限公司© 版权所有